000 00598nam a2200229 a 4500
001 BS0001842
003 BR-BrBNA
005 20230418191847.0
008 230308b |||||||| |||| 00| 0 por d
040 _aBR-BrBNA
_bpor
_cBiblioteca Nacional de Agricultura
041 _apor
072 _aB53
090 _aB53 BS0001842
100 1 _aAttali, J.
100 1 _aGuillaume, M.
245 1 _aA antieconomia; uma crítica à teoria econômica /
260 3 _aRio de Janeiro:
_bZAHAR,
_c1975.
300 _a221 p.
650 _aECONOMIA
909 _a202304
_bSergio Santos
_c56
_dSergio Santos
942 _cBK
999 _c6902
_d6902